LEADER 04629nas0 22003733i 450 001 MIL0095553 005 20231121125533.0 011 $a0039-3185 017 70$aP 00086373$2P 100 $a20121019a19699999||||0itac50 ba 101 | $amul 102 $ade 110 $aa|u|||||||| 181 1$6z01$ai $bxxxe 182 1$6z01$an 200 1 $aStudia Leibnitiana$eVierteljahrschrift für Geschichte der Philosophie und der Wissenschaften 207 0$aBd. 1, Heft 1 1969)- 210 $aWiesbaden$cSteiner$d1969- 215 $av.$d23 cm 300 $aTrimestrale. Dal 1973 semestrale 300 $aCompl. del tit. varia dal 1973: Zeitschrift für Geschichte der Philosphie und der Wissenschaften vom 16. bis 18. Jahrhundert. 606 $aLeibniz, Gottfried Wilhelm$xPeriodici$2FIR$3RMLC364402$9E 606 $aFilosofia$xPeriodici$2FIR$3RMLC086428$9I 676 $a190.5$9Filosofia occidentale moderna. Pubblicazioni in serie.$v20 712 02$aGottfried-Wilhelm-Leibniz-Gesellschaft$3BVEV007080 791 02$aGottfried-Wilhelm-Leibniz-Gesellschft e. V.$3CFIV186008$yGottfried-Wilhelm-Leibniz-Gesellschaft 801 3$aIT$bIT-01$c20121019 850 $aIT-FR0017 899 $aBiblioteca umanistica Giorgio Aprea$bFR0017 912 $aMIL0095553 950 0$aBiblioteca umanistica Giorgio Aprea$c27 (1995)-$d 52PER.STR. 155a$e 52MAG0000133575 VPN RS 41 (2009)$fC $h20121019$i20121019$cVol. 38/39, fasc. 1 (2006/07) 2 fasc.: 1-2$d 52PER.STR. 155a$e 52VP 0000200495 VP Descr.Fascicoli:Vol. 38/39, fasc. 1 (2006/07) 2 fasc.: 1-2$fC $h20100402$i20121204$d 52PER.STR. 155a$e 52VP 0000192975 VP Inventario:8209FLS$fC $h19600101$i20121204$cVol. 31, fasc. 1 (1999)2 fasc.: 1-2$d 52PER.STR. 155a$e 52VP 0000034595 VP Inventario:FLS Descr.Fascicoli:Vol. 31, fasc. 1 (1999)2 fasc.: 1-2$fC $h20040318$i20121204$cVol. 35, fasc. 1 (2003)2 fasc.: 1-2$d 52PER.STR. 155a$e 52VP 0000034585 VP Inventario:FC Descr.Fascicoli:Vol. 35, fasc. 1 (2003)2 fasc.: 1-2$fC $h20060327$i20121204$cVol. 27, fasc. 2 (1995)$d 52PER.STR. 155a$e 52VP 0000034575 VP Inventario:8209FLS Descr.Fascicoli:Vol. 27, fasc. 2 (1995)$fC $h20040318$i20121204$cVol. 37, fasc. 1 (2005)$d 52PER.STR. 155a$e 52VP 0000034565 VP Inventario:817FSC Descr.Fascicoli:Vol. 37, fasc. 1 (2005)$fC $h20070316$i20121204$cVol. 37, fasc. 2 (2005)$d 52PER.STR. 155a$e 52VP 0000034555 VP Inventario:817FLS Descr.Fascicoli:Vol. 37, fasc. 2 (2005)$fC $h20071220$i20121204$cVol. 34, fasc. 2 (2002)$d 52PER.STR. 155a$e 52VP 0000034545 VP Inventario:29496FLS Descr.Fascicoli:Vol. 34, fasc. 2 (2002)$fC $h20050307$i20121204$cVol. 34, fasc. 1 (2002)$d 52PER.STR. 155a$e 52VP 0000034535 VP Inventario:26496FLS Descr.Fascicoli:Vol. 34, fasc. 1 (2002)$fC $h20040318$i20121204$cVol. 33, fasc. 1 (2001)2 fasc.: 1-2$d 52PER.STR. 155a$e 52VP 0000034525 VP Inventario:22943FLS Descr.Fascicoli:Vol. 33, fasc. 1 (2001)2 fasc.: 1-2$fC $h20040318$i20121204$cVol. 32, fasc. 1 (2000)2 fasc.: 1-2$d 52PER.STR. 155a$e 52VP 0000034515 VP Inventario:21134FLS Descr.Fascicoli:Vol. 32, fasc. 1 (2000)2 fasc.: 1-2$fC $h20040318$i20121204$cVol. 30, fasc. 1 (1998)2 fasc.: 1-2$d 52PER.STR. 155a$e 52VP 0000034505 VP Inventario:16932FLS Descr.Fascicoli:Vol. 30, fasc. 1 (1998)2 fasc.: 1-2$fC $h20040318$i20121204$cVol. 29, fasc. 1 (1997)2 fasc.: 1-2$d 52PER.STR. 155a$e 52VP 0000034495 VP Inventario:14244FLS Descr.Fascicoli:Vol. 29, fasc. 1 (1997)2 fasc.: 1-2$fC $h20040318$i20121204$cVol. 28, fasc. 1 (1996)2 fasc.: 1-2$d 52PER.STR. 155a$e 52VP 0000034485 VP Inventario:13360FLS Descr.Fascicoli:Vol. 28, fasc. 1 (1996)2 fasc.: 1-2$fC $h20040318$i20121204$cVol. 41, fasc.1 (2009)$d 52PER.STR. 155a$e 52VP 0000034475 VP Inventario:13357SBA/UMA Descr.Fascicoli:Vol. 41, fasc.1 (2009)$fC $h20111130$i20121204$cVol. 40, fasc.1 (2008) 2 fasc.: 1-2$d 52PER.STR. 155a$e 52VP 0000034465 VP Inventario:12808SBA/UMA Descr.Fascicoli:Vol. 40, fasc.1 (2008) 2 fasc.: 1-2$fC $h20110315$i20121204$cVol. 40, fasc.1 (2008) 2 fasc.: 1-2$d 52PER.STR. 155a$e 52VP 0000034455 VP Inventario:12521SBA/UMA Descr.Fascicoli:Vol. 40, fasc.1 (2008) 2 fasc.: 1-2$fC $h20110315$i20121204 977 $a 52 996 $aStudia Leibnitiana$9886581 997 $aUNICAS LEADER 03602oas 2201117 a 450 001 9910172126603321 005 20251108213014.0 011 $a1520-684X 035 $a(DE-599)ZDB1481137-6 035 $a(OCoLC)43905350 035 $a(CONSER) 2001212205 035 $a(CKB)954926982081 035 $a(EXLCZ)99954926982081 100 $a20000421b19852007 sy a 101 0 $aeng 135 $aur||||||||||| 181 $ctxt$2rdacontent 182 $cc$2rdamedia 183 $acr$2rdacarrier 200 10$aSystems and computers in Japan 210 1$aSilver Spring, Md. :$cScripta Technica 210 31$aHoboken, N.J. :$cJohn Wiley & Sons, Inc. 300 $aRefereed/Peer-reviewed 311 08$a0882-1666 330 $aA translation of the principal Japanese periodical in information engineering, computer systems, and cognitive science. The journal publishes research papers in areas such as computer architecture and advanced digital circuitry, interface devices, computer networks, computer theory, formal languages, signal and image processing, optical computing, software engineering, information security, and biomedical applications of computers. 531 0 $aSyst. comput. Jpn. 606 $aElectronic data processing$zJapan$vPeriodicals 606 $aComputers$zJapan$vPeriodicals 606 $aCognitive science$zJapan$vPeriodicals 606 $aTechnologie de l'information$zJapon$vPe?riodiques 606 $aOrdinateurs$zJapon$vPe?riodiques 606 $aSyste?mes d'information$zJapon$vPe?riodiques 606 $aSciences cognitives$zJapon$vPe?riodiques 606 $aCognitive science$2fast$3(OCoLC)fst00866547 606 $aComputers$2fast$3(OCoLC)fst00872776 606 $aElectronic data processing$2fast$3(OCoLC)fst00906956 606 $aDatenverarbeitung$2gnd 606 $aZeitschrift$2gnd 606 $aInformàtica$2thub 606 $aProcessament de dades$2thub 607 $aJapan$2fast$1https://id.oclc.org/worldcat/entity/E39PBJkT7GyCmyjxytDfqk6Yfq 607 $aJapan$2gnd 607 $aJapó$2thub 608 $aperiodicals.$2aat 608 $aPeriodicals.$2fast 608 $aPeriodicals.$2lcgft 608 $aPe?riodiques.$2rvmgf 608 $aRevistes electròniques.$2thub 615 0$aElectronic data processing 615 0$aComputers 615 0$aCognitive science 615 6$aTechnologie de l'information 615 6$aOrdinateurs 615 6$aSyste?mes d'information 615 6$aSciences cognitives 615 7$aCognitive science. 615 7$aComputers. 615 7$aElectronic data processing. 615 7$aDatenverarbeitung 615 7$aZeitschrift. 615 7$aInformàtica. 615 7$aProcessament de dades. 676 $a004 712 02$aDenshi Tsu?shin Gakkai 712 02$aDenshi Jo?ho? Tsu?shin Gakkai (Japan) 712 02$aWiley InterScience (Online service) 801 0$bIWA 801 1$bIWA 801 2$bNSD 801 2$bEYM 801 2$bOCLCQ 801 2$bIUL 801 2$bMUQ 801 2$bOCLCQ 801 2$bUKMGB 801 2$bOCLCQ 801 2$bTXA 801 2$bOCLCF 801 2$bOCLCA 801 2$bOCLCQ 801 2$bSRU 801 2$bOCLCO 801 2$bOCL 801 2$bOCLCQ 801 2$bOCLCL 801 2$bUAB 801 2$bOCLCL 801 2$bOCLCE 801 2$bIL4I4 801 2$bCSU 801 2$bOCLCQ 801 2$bSFB 906 $aJOURNAL 912 $a9910172126603321 996 $aSystems and computers in Japan$92059597 997 $aUNINA